Jugadores del Real Betis desde 2004 - Estadísticas

Estadísticas generales
  • Esta prueba ha sido intentada 356 veces
  • La puntuación promedio es 62 de 218
Estadísticas de respuestas
Nacionalidad Respuesta % Correcto
España Joaquin
94%
España Rubén Castro
79%
España Canales
77%
España Dani
75%
España Jorge Molina
72%
España Bartra
70%
México Guardado
70%
Brasil Denilson
69%
España Borja Iglesias
68%
Chile Bravo
68%
España Adán
65%
Francia Nabil Fekir
63%
Brasil Oliveira
61%
Argentina Pezzella
61%
Argentina Lo Celso
59%
España Juanmi
57%
México Lainez
57%
Argelia Mandi
57%
Brasil Edu
55%
España Fabian
55%
Argentina Guido Rodriguez
55%
Portugal William Carvalho
55%
España Doblas
54%
Marruecos Feddal
54%
España Joel Robles
54%
España Juanito
54%
España Tello
54%
España Alex Moreno
53%
España Dani Ceballos
53%
Japón Inui
53%
Brasil Assunçao
52%
España Sergio León
52%
España Beñat
51%
España Pau Lopez
51%
Paraguay Sanabria
51%
Dinamarca Durmisi
50%
España Rodri
50%
España Loren
48%
Dinamarca Andersen
47%
España Capi
47%
Camerun Emaná
46%
España Francis
46%
Bélgica Musonda
46%
Brasil Emerson
45%
España Junior
45%
Francia Perquis
45%
Argelia Boudebouz
44%
Holanda Van der Vaart
44%
Guinea Ecuatorial Benjamin
43%
Brasil Paulao
43%
España Melli
41%
España Montoya
41%
España Rivas
41%
España Adrián
40%
España Arzu
40%
Peru Vargas
40%
España Aitor Ruibal
38%
España Javi García
38%
Costa Rica Joel Campbell
38%
España Juan Miranda
38%
Italia Piccini
38%
España Nono
36%
Alemania Odonkor
36%
Costa de Marfil Paul Akoukou
36%
Brasil Petros
36%
España Casto
35%
España Fernando
35%
España Prats
35%
España Salva Sevilla
35%
España Varela
35%
Brasil Sidnei
34%
España Alfonso
33%
España Barragán
33%
España Dani Gimenez
33%
Brasil Iriney
33%
España Jordi Figueras
33%
España Victor Ruiz
33%
España Matilla
32%
Egipto Tarek
32%
Alemania Westermann
32%
Colombia Dorlan Pabón
31%
Chile Lolo Reyes
31%
España Luis Fernandez
31%
España Sergio Garcia
31%
España Amaya
30%
España Camarasa
30%
Argelia Kadir
30%
Camerún Kaptoum
30%
Rumanía Tosca
30%
España Alvaro Vadillo
29%
España Chuli
29%
Chile Felipe Gutierrez
29%
Paraguay Roque Santa Cruz
29%
Serbia Brasanac
28%
España Damia
28%
España Edgar
28%
Francia Jonas Martin
28%
España Verdú
28%
Ucrania Zozulya
28%
RD Congo Cedrick
27%
España Contreras
27%
España Dani Martin
27%
Argentina Pavone
27%
Brasil Rafael Sobis
27%
Brasil Robert
27%
Uruguay Lembo
26%
España Xavi Torres
26%
España Alex Alegria
25%
España Alex Martinez
25%
España Bruno
25%
España Jesé
25%
Portugal Ricardo
25%
Holanda Van Wolfswinkel
25%
Senegal Alfred N'Diaye
24%
España Javi Chica
24%
España Molinero
24%
España Nacho
24%
Portugal Nelson
24%
España Pedro
24%
Argentina Caffa
23%
España Cejudo
23%
Holanda Donk
23%
España Miki Roque
23%
España Nahuel
23%
España Aleñá
22%
Turquía Mehmet Aurelio
22%
España Rafa Navarro
22%
Ecuador Jefferson Montero
21%
España Fernando Vega
20%
España Goitia
20%
Argentina Guille Sara
20%
España Juanfran
20%
Chile Mark Gonzalez
20%
España Pozuelo
20%
Alemania Steinhofer
20%
Brasil Baptistao
19%
España Jose Alberto Cañas
19%
Nigeria Nosa Igiebor
19%
España Portillo
19%
España Rivera
19%
España Rubén Pardo
19%
Italia Castellini
18%
Brasil Damiao
18%
España Jonathan Pereira
18%
España Raúl
18%
Chile Braian Rodriguez
17%
España Pedraza
17%
España Yassin Fekir
17%
Francia Digard
16%
España Juanma
16%
España Didac Vila
15%
España Dorado
15%
España Fabricio
15%
España Ismael
15%
España Manu Herrera
15%
Suiza Vogel
15%
España Casado
14%
España Isidoro
14%
España Israel
14%
España Juan Carlos
14%
Colombia Narváez
14%
España Rodri Sanchez
14%
Uruguay Tais
14%
España Belenguer
13%
Eslovenia Branko Ilic
13%
España Ezequiel
13%
España Juan Jose Cañas
13%
Portugal Salvador Agra
13%
Serbia Tosic
13%
Croacia Babic
12%
Francia Enzo Rennella
12%
España Hector Rodas
12%
España Miguel Ángel
12%
Argentina Monzón
12%
España Nano
12%
Brasil Roversio
12%
Nigeria Sunny
12%
España Jose Mari
11%
España Juande
11%
España Maldonado
11%
Francia Pancrate
11%
España Rubén Pérez
11%
España Toni
11%
España Dani Pacheco
10%
España Julio Gracia
10%
España Mario
10%
España Xisco
10%
España Ángel
9%
España Momo
9%
España Juanlu
8%
España Romero
8%
España Ustaritz
8%
España Jose Antonio Caro
7%
España José Carlos
7%
Portugal Miguel Lopes
7%
España Pablo Niño
7%
Argentina Somoza
7%
España Carlos G.
6%
España Carlos Garcia
6%
Brasil Diego Tardelli
6%
España Eder Vilarchao
6%
Uruguay Guillermo Molins
6%
España Oscar Lopez
6%
España Redru
6%
España Francisco Varela
4%
España Diego Segura
3%
Brasil Jorge Wagner
3%
Brasil Lima
3%
España Manu Palancar
3%
Argentina Pibe
3%
España Sergio Rodriguez
2%
España Alex Ortiz
1%
España Fausto
1%
España Israel Bascon
1%
España Juanma Garcia
1%
España Pepelu
1%
España Zamora
0%
No se encontraron pruebas coincidentes
Distribución de puntuación
Porcentaje de gente con cada puntuación
Porcentaje por número respondido
Historial de tus puntuaciones
No has intentado esta prueba.